Statistiques concernant Pokémon groupe d'Œuf-Féerique

Cliquez ici pour prendre le quiz!

Statistiques générales

  • Ce quiz a été pris 24 fois
  • Le résultat moyen est 38 sur 66

Statistiques - réponses

Deuxième
Groupe d'Œuf
Pokémon% Correct
Aquatique 1Azumarill
100%
Grodoudou
100%
Aquatique 1Marill
100%
Mélodelfe
100%
Mélofée
100%
Rondoudou
100%
AérienTogekiss
100%
AérienTogetic
100%
Cocotine
83%
VégétalCotovol
83%
Cupcanaille
83%
Floette
83%
VégétalFloravol
83%
Florges
83%
Fluvetin
83%
VégétalGranivol
83%
TerrestreMysdibule
83%
Sucroquin
83%
HumanoïdeAngoliath
67%
Bibichut
67%
InsectoïdeBombydou
67%
Chapotus
67%
TerrestreDedenne
67%
Doudouvet
67%
VégétalFarfaduvet
67%
VégétalFlabébé
67%
HumanoïdeFourbelin
67%
HumanoïdeGrimalin
67%
InsectoïdeRubombelle
67%
Sorcilence
67%
VégétalBalignon
50%
VégétalChapignon
50%
AmorpheCharmilly
50%
AmorpheCrèmy
50%
TerrestreDelcatty
50%
TerrestreGranbull
50%
TerrestreMorpeko
50%
TerrestrePikachu
50%
TerrestreRaichu
50%
VégétalRosélia
50%
VégétalRoserade
50%
TerrestreSkitty
50%
TerrestreSnubbull
50%
TerrestreTogedemaru
50%
VégétalCeribou
33%
VégétalCeriflor
33%
TerrestreCompagnol
33%
TerrestreFamignol
33%
Forgelina
33%
Forgella
33%
Forgerette
33%
Leuphorie
33%
Leveinard
33%
AmorpheMorphéo
33%
Négapi
33%
TerrestrePachirisu
33%
Posipi
33%
MinéralStrassie
33%
Wimessir
33%
MinéralHexadron
17%
Aquatique 1Manaphy
17%
MinéralMomartik
17%
Nanméouïe
17%
MinéralOniglali
17%
Aquatique 1Phione
17%
MinéralStalgamin
17%

Distribution des résultats

Percentile par nombre de réponses

% des personnes avec chaque résultat

Votre développement - résultats

Vous n’avez pas pris ce quiz